Типы полиметаллических месторождений рудного Алтая, их происхождение и методы поисков

מידע ביבליוגרפי
מחבר ראשי: Горжевский Д. И. Давид Иосифович
מחברים אחרים: Чекваидзе В. Б. Виктор Борисович, Исакович И. З. Ирина Зигмундовна
שפה:רוסית
יצא לאור: Москва, Недра, 1977
נושאים:
פורמט: ספר
KOHA link:https://koha.lib.tpu.ru/cgi-bin/koha/opac-detail.pl?biblionumber=63419

MARC

LEADER 00000nam0a2200000 4500
001 63419
005 20231031064249.0
035 |a (RuTPU)RU\TPU\book\67309 
090 |a 63419 
100 |a 20040512d1977 k y0rusy50 ca 
101 0 |a rus 
102 |a RU 
105 |a a z 001zy 
200 1 |a Типы полиметаллических месторождений рудного Алтая, их происхождение и методы поисков  |f Д. И. Горжевский, В. Б. Чекваидзе, И. З. Исакович 
210 |a Москва  |c Недра  |d 1977 
215 |a 197 с.  |c ил. 
320 |a Библиогр.: с. 192-196. 
610 1 |a полиметаллические месторождения 
610 1 |a Алтай 
610 1 |a происхождение 
610 1 |a методы разведки 
610 1 |a геология 
610 1 |a минеральный состав 
610 1 |a руды 
675 |a 553.4  |v 3 
700 1 |a Горжевский  |b Д. И.  |g Давид Иосифович 
701 1 |a Чекваидзе  |b В. Б.  |g Виктор Борисович 
701 1 |a Исакович  |b И. З.  |g Ирина Зигмундовна 
801 1 |a RU  |b 63413507  |c 20040512  |g PSBO 
801 2 |a RU  |b 63413507  |c 20170415  |g PSBO 
942 |c BK